Datum a čas kvízu
23.5
Celkem bodů
Celkový počet nahraných bodů na tomto kvízu bez doplňovacích otázek.
13.
Pořadí na kvízu
Konečné umístění týmu na tomto kvízu.
Zaznamenané odpovědi
| # | Otázka | Odpověď | Body | Výsledky |
|---|---|---|---|---|
| 1. | Europoslanci Pavel Telička a P... | 0 | ||
| 2. | Část historických královských... | 1 | ||
| 3. | Známý britský herec a komik od... | 0 | ||
| 4. | Společnost Google minulý týden... | 0 | ||
| 5. | Martina Sáblíková šokovala sou... | 0 | ||
| 6. | O Venezuele se poslední dobou... | 0 | ||
| 7. | Důvodem, proč se o Venezuele m... | 0 | ||
| 8. | Díváme se na podobiznu bezespo... | 0 | ||
| 9. | Jak se jmenuje jedna z největš... | 1 | ||
| 10. | Vzhledem k přírodním podmínkám... | 1 |